000 00301nam a22001217a 4500
040 _cNUST
082 _a808.3
_bAUS
100 _aAusten , Jane
245 _aPride and Prejudice,
260 _aPakistan:
_bNational book foundation,
_c2007.
650 _aPride and Prejudice,
_9123292
942 _2ddc
_cBK
999 _c609522
_d609522